[Event "Queenstown Classic"]
[Site "Queenstown"]
[Date "2009.01.17"]
[Round "3.33"]
[White "Tan, Justin"]
[Black "Baider, Daniel"]
[Result "1-0"]
[WhiteElo "1870"]
[BlackElo "2125"]
[PlyCount "51"]
[EventDate "2009.??.??"]

1. e4 e6 2. d4 d5 3. Nc3 dxe4 4. Nxe4 Nd7 5. Nf3 Ngf6 6. Bd3 Nxe4 7. Bxe4 Nf6
8. Bg5 Qd6 9. Bxf6 gxf6 10. c3 f5 11. Bc2 Bd7 12. Qe2 O-O-O 13. Ne5 Qe7 14. Bb3
Bg7 15. f4 Bxe5 16. dxe5 Bc6 17. Qf2 Rhg8 18. Qxa7 b6 19. Bc4 b5 20. Bf1 Qh4+
21. g3 Qh6 22. Bxb5 Bxh1 23. Ba6+ Kd7 24. O-O-O+ Bd5 25. Bb5+ Kc8 26. Rxd5 1-0

[Event "Queenstown Classic"]
[Site "Queenstown"]
[Date "2009.01.17"]
[Round "3.35"]
[White "Post, Martin"]
[Black "Guo-Yuthok, Sherab"]
[Result "0-1"]
[WhiteElo "2094"]
[BlackElo "1913"]
[PlyCount "72"]
[EventDate "2009.??.??"]

1. e4 d6 2. Nc3 Nf6 3. Bc4 e5 4. d3 Be7 5. Nge2 c6 6. a4 O-O 7. h3 Kh8 8. Ng3
d5 9. Bb3 Na6 10. exd5 cxd5 11. Qf3 Bb4 12. O-O Nc5 13. Bg5 Nxb3 14. cxb3 Be6
15. Rfe1 Be7 16. Rxe5 Nd7 17. Bf4 Nxe5 18. Bxe5 f6 19. Bd4 Qd7 20. Re1 Rfe8 21.
Nh5 Bf8 22. g4 Bxg4 23. Rxe8 Bxf3 24. Rxa8 Qe7 25. Ng3 Kg8 26. Be3 b6 27. d4
Qb7 28. Rd8 h5 29. h4 Qc7 30. Ra8 Qd7 31. Kf1 Kf7 32. Nb5 Qh3+ 33. Ke1 Bb4+ 34.
Bd2 Qe6+ 35. Kf1 Bxd2 36. Rxa7+ Kg6 0-1

[Event "Queenstown Classic"]
[Site "Queenstown"]
[Date "2009.01.17"]
[Round "3.37"]
[White "Stuart, Peter"]
[Black "Egan, Bill"]
[Result "1-0"]
[WhiteElo "2076"]
[BlackElo "1776"]
[PlyCount "85"]
[EventDate "2009.??.??"]

1. c4 e6 2. Nf3 d5 3. b3 Nf6 4. g3 Be7 5. Bg2 O-O 6. O-O c5 7. e3 Nc6 8. Bb2
Bd7 9. Nc3 a6 10. Qe2 Rb8 11. Rfd1 Re8 12. cxd5 exd5 13. d4 Be6 14. dxc5 Bxc5
15. Rac1 Qe7 16. Na4 Ba7 17. Nd4 Nxd4 18. Bxd4 Bxd4 19. exd4 Bf5 20. Qxe7 Rxe7
21. Nc3 Rd8 22. Re1 Kf8 23. Rxe7 Kxe7 24. Nd1 Rc8 25. Rxc8 Bxc8 26. Nc3 Kd6 27.
Kf1 Be6 28. f3 Nd7 29. Ke2 Nb8 30. Ke3 b5 31. a3 Nc6 32. b4 Kc7 33. Bf1 Kb6 34.
Bd3 g6 35. Be2 Na7 36. a4 Kc6 37. axb5+ axb5 38. f4 f5 39. Bf1 Bf7 40. Kf3 Be8
41. Bd3 Kb6 42. Nxd5+ Ka6 43. Nc7+ 1-0

[Event "Queenstown Classic"]
[Site "Queenstown"]
[Date "2009.01.17"]
[Round "3.38"]
[White "Williams, Pablo"]
[Black "Duneas, John"]
[Result "0-1"]
[WhiteElo "1633"]
[BlackElo "2075"]
[PlyCount "48"]
[EventDate "2009.??.??"]

1. a3 d5 2. Nf3 Nf6 3. e3 c6 4. d4 Bg4 5. Nbd2 Nbd7 6. Be2 e6 7. Nh4 Bxe2 8.
Qxe2 Ne4 9. Nhf3 f5 10. c4 Bd6 11. h4 O-O 12. Nxe4 fxe4 13. Ng5 Qf6 14. c5 Bc7
15. Bd2 b6 16. O-O-O bxc5 17. Qh5 h6 18. f3 cxd4 19. exd4 e3 20. Bxe3 Bf4 21.
Bd2 Rab8 22. Bxf4 Qxf4+ 23. Kb1 Qf5+ 24. Ka1 Nf6 0-1

[Event "Queenstown Classic"]
[Site "Queenstown"]
[Date "2009.01.17"]
[Round "3.39"]
[White "Safarian, Alek"]
[Black "Rozenblat, Vanja"]
[Result "1-0"]
[WhiteElo "2068"]
[BlackElo "1493"]
[PlyCount "71"]
[EventDate "2009.??.??"]

1. d4 d5 2. c4 c6 3. Nc3 dxc4 4. a4 Nf6 5. e3 Bf5 6. Bxc4 e6 7. Nf3 Bb4 8. O-O
O-O 9. Ne5 Qc7 10. Bd3 Bg6 11. Nxg6 hxg6 12. e4 e5 13. Qb3 a5 14. d5 Nbd7 15.
Bb1 cxd5 16. Nxd5 Nxd5 17. Qxd5 Nc5 18. Be3 Rad8 19. Qc4 Qc6 20. Rc1 Bd2 21.
Bxd2 Rxd2 22. Bc2 Rfd8 23. Qc3 Qc7 24. Bb3 b6 25. Bd5 Rd4 26. Rd1 Rd7 27. Rxd4
exd4 28. Qc4 Qe5 29. Rd1 Kf8 30. Rxd4 Qe7 31. Qb5 Qd8 32. f3 Ne6 33. Rd1 Rd6
34. b4 axb4 35. Qxb4 Nc7 36. e5 1-0

[Event "Queenstown Classic"]
[Site "Queenstown"]
[Date "2009.01.17"]
[Round "3.40"]
[White "Marner, Gavin"]
[Black "Marks, Joe"]
[Result "1-0"]
[WhiteElo "2049"]
[BlackElo "1356"]
[PlyCount "55"]
[EventDate "2009.??.??"]

1. e4 e5 2. f4 exf4 3. Bc4 Qh4+ 4. Kf1 b6 5. Nf3 Qg4 6. Bxf7+ Kd8 7. Nc3 Ba6+
8. d3 Nh6 9. h3 Qg3 10. Ne2 Nxf7 11. Nxg3 fxg3 12. Bf4 Nc6 13. Bxg3 Bd6 14.
Bxd6 cxd6 15. Kg1 Kc7 16. d4 Raf8 17. c4 Bb7 18. d5 Nce5 19. Nd4 Ba6 20. Qa4
Kb7 21. Rc1 Rc8 22. Kh2 Rxc4 23. Rxc4 Bxc4 24. Rc1 Rc8 25. b3 Bb5 26. Nxb5 a6
27. Rxc8 axb5 28. Qa8# 1-0

[Event "Queenstown Classic"]
[Site "Queenstown"]
[Date "2009.01.17"]
[Round "3.42"]
[White "Jackson, Ross"]
[Black "Brennan, James"]
[Result "1-0"]
[WhiteElo "2020"]
[BlackElo "692"]
[PlyCount "111"]
[EventDate "2009.??.??"]

1. d4 Nc6 2. Nf3 f6 3. e4 d5 4. exd5 Qxd5 5. Nc3 Qd8 6. Bb5 a6 7. Ba4 b5 8. Bb3
Bf5 9. O-O e6 10. Re1 Qd7 11. Nh4 e5 12. Nxf5 Qxf5 13. Bd5 Nge7 14. Be4 Qd7 15.
d5 Nd4 16. d6 Nec6 17. dxc7 Bd6 18. Nd5 O-O 19. Nb6 Qxc7 20. Nxa8 Rxa8 21. c3
Ne6 22. Qd5 Re8 23. Qxc6 Qxc6 24. Bxc6 Re7 25. Bd5 h5 26. Be3 g5 27. Rad1 Kg7
28. Bxe6 Rxe6 29. g3 e4 30. Rd5 Kg6 31. Red1 Bc7 32. Rd7 Bb8 33. Rb7 Re8 34.
Ba7 Be5 35. Re1 Kf5 36. Bd4 Bxd4 37. cxd4 Kg4 38. Kg2 h4 39. h3+ Kh5 40. g4+
Kg6 41. Rb6 Rc8 42. Rxa6 Rc2 43. b3 Rd2 44. Rxe4 Rd3 45. Ra5 f5 46. gxf5+ Kxf5
47. Rg4 Rc3 48. Rxb5+ Kg6 49. a4 Kh6 50. a5 Kg6 51. a6 Rc2 52. a7 Ra2 53.
Rgxg5+ Kh6 54. Ra5 Rb2 55. a8=Q Re2 56. Qh8# 1-0

[Event "Queenstown Classic"]
[Site "Queenstown"]
[Date "2009.01.17"]
[Round "3.43"]
[White "Mortensen, Henrik"]
[Black "Ansell, Alan"]
[Result "0-1"]
[WhiteElo "2022"]
[BlackElo "1300"]
[PlyCount "74"]
[EventDate "2009.??.??"]

1. e4 c6 2. d4 d5 3. Nc3 dxe4 4. Nxe4 Bf5 5. Nc3 Nf6 6. Bc4 e6 7. Nf3 Bd6 8.
Bg5 Nbd7 9. Qe2 O-O 10. Ne5 Qb6 11. O-O-O Qc7 12. Nxd7 Nxd7 13. Kb1 b5 14. Bd3
b4 15. Ne4 a5 16. Nxd6 Bxd3 17. Rxd3 Qxd6 18. Qh5 Qd5 19. Rh3 h6 20. Be7 Qxg2
21. Rd1 Rfe8 22. Rg3 Qxf2 23. Rdg1 Qxg1+ 24. Rxg1 Rxe7 25. Qh4 f6 26. Qxh6 Rf8
27. Qd2 e5 28. c4 Nb6 29. c5 Nd5 30. dxe5 fxe5 31. Rg6 Rf1+ 32. Kc2 Ref7 33.
Qg5 a4 34. Rd6 R7f2+ 35. Kd3 Rd1+ 36. Ke4 Re1+ 37. Kd3 Nf4+ 0-1

[Event "Queenstown Classic"]
[Site "Queenstown"]
[Date "2009.01.17"]
[Round "3.44"]
[White "Svendsen, Peter Willer"]
[Black "Siripornpitak, Boyd"]
[Result "0-1"]
[WhiteElo "2007"]
[BlackElo "1564"]
[PlyCount "70"]
[EventDate "2009.??.??"]

1. d4 d5 2. c4 e6 3. Nc3 Nf6 4. Bg5 Nbd7 5. e3 c6 6. Nf3 Qa5 7. Bxf6 Nxf6 8.
Nd2 Bb4 9. Qc2 e5 10. dxe5 Ne4 11. Rc1 Nxd2 12. Qxd2 dxc4 13. Bxc4 Qxe5 14. O-O
Bd6 15. f4 Qe7 16. e4 O-O 17. e5 Bc5+ 18. Kh1 Bf5 19. Qe2 Rad8 20. g4 Bc8 21.
Ne4 Bb6 22. Rcd1 Bd4 23. a3 b5 24. Ba2 Qh4 25. Rd3 Bxg4 26. Qg2 Bf5 27. b4 Bxe5
28. Rxd8 Rxd8 29. Bxf7+ Kxf7 30. fxe5 Kg8 31. Ng3 Bh3 32. Qa2+ Kh8 33. Re1 Qf4
34. Qe2 Rd2 35. Qe3 Qxe3 0-1

[Event "Queenstown Classic"]
[Site "Queenstown"]
[Date "2009.01.17"]
[Round "3.45"]
[White "Tanoi, Edward"]
[Black "Shaw, Robin"]
[Result "0-1"]
[WhiteElo "1956"]
[BlackElo "1831"]
[PlyCount "70"]
[EventDate "2009.??.??"]

1. e4 g6 2. d4 Bg7 3. Nf3 d6 4. Be3 c5 5. Nc3 Qa5 6. h3 Nf6 7. Qd2 O-O 8. Be2
cxd4 9. Nxd4 a6 10. Nb3 Qc7 11. Bh6 Nc6 12. Bxg7 Kxg7 13. O-O-O b5 14. h4 h5
15. f3 Ne5 16. Nd5 Nxd5 17. Qxd5 Be6 18. Qd2 Rac8 19. Kb1 f6 20. Nd4 Bd7 21. f4
Nc6 22. Nf3 Be6 23. Ne1 Na5 24. f5 gxf5 25. exf5 Bxf5 26. Bxh5 Nc4 27. Qc3 b4
28. Qg3+ Kh8 29. Rc1 b3 30. Qf4 Qa5 31. Qh6+ Bh7 32. a3 Nxa3+ 33. bxa3 Qxa3 34.
Rd1 Qa2+ 35. Kc1 Rxc2+ 0-1

[Event "Queenstown Classic"]
[Site "Queenstown"]
[Date "2009.01.17"]
[Round "3.46"]
[White "Korenevski, Oleg"]
[Black "Watson, Jean"]
[Result "1-0"]
[WhiteElo "1954"]
[BlackElo "1504"]
[PlyCount "57"]
[EventDate "2009.??.??"]

1. d4 e6 2. Nf3 d5 3. b3 Nf6 4. Bb2 Be7 5. e3 O-O 6. Bd3 b6 7. O-O Bb7 8. Nbd2
Nbd7 9. c4 dxc4 10. bxc4 c5 11. Qe2 Rc8 12. Rac1 h6 13. Rfd1 Rc7 14. Ne5 cxd4
15. exd4 Nxe5 16. dxe5 Nd7 17. Ne4 Bxe4 18. Qxe4 g6 19. Qg4 h5 20. Qg3 Bg5 21.
f4 Bh6 22. Ba3 h4 23. Qg4 Nc5 24. Bxg6 Qe7 25. Bb1+ Bg7 26. f5 exf5 27. Qxf5 f6
28. Qh7+ Kf7 29. Qh5+ 1-0

[Event "Queenstown Classic"]
[Site "Queenstown"]
[Date "2009.01.17"]
[Round "3.47"]
[White "Cooper, Nigel"]
[Black "Neudel, Bernd"]
[Result "1-0"]
[WhiteElo "1872"]
[BlackElo "1946"]
[PlyCount "141"]
[EventDate "2009.??.??"]

1. d4 d5 2. Nc3 Nf6 3. Bg5 Nbd7 4. f3 c6 5. e4 dxe4 6. fxe4 Qa5 7. Qd2 e6 8.
Bd3 Qb4 9. e5 Nd5 10. Nxd5 Qxd2+ 11. Bxd2 exd5 12. Nf3 Be7 13. O-O-O Nf8 14.
Rdf1 h6 15. h3 Be6 16. g4 g6 17. g5 h5 18. Rh2 Nd7 19. Kb1 Rg8 20. h4 O-O-O 21.
Rhf2 Kb8 22. c3 c5 23. Ng1 c4 24. Bc2 Nb6 25. Ne2 Bh3 26. Rh1 Be6 27. Nf4 Bg4
28. Rhf1 Rd7 29. Bd1 Bf5+ 30. Bc2 Bg4 31. Bd1 Bf5+ 32. Kc1 Nc8 33. Bf3 Nb6 34.
Bg2 Bd8 35. Bh3 Bxh3 36. Nxh3 Rg7 37. Nf4 Re7 38. Ne2 Nc8 39. Bf4 Bc7 40. Bh2
Rd7 41. e6 fxe6 42. Bxc7+ Kxc7 43. Rf6 Ne7 44. Nf4 Kb8 45. Nxe6 Rg8 46. Rf7 Re8
47. Rf8 Rc8 48. R1f7 b6 49. Nf4 Rxf8 50. Rxf8+ Kc7 51. Rf6 Rd6 52. Ne6+ Kd7 53.
Nf8+ Kc7 54. Kd2 b5 55. b4 Rb6 56. Ke3 Kd8 57. Kf4 Ke8 58. Ne6 Nf5 59. Nc7+ Kd7
60. Rxb6 axb6 61. Nxd5 Nxh4 62. Nxb6+ Kd6 63. Ke4 Nf5 64. a4 Kc6 65. a5 h4 66.
d5+ Kc7 67. Kf3 Kb7 68. Nd7 Ne7 69. d6 Nc6 70. Kg4 h3 71. Kxh3 1-0

[Event "Queenstown Classic"]
[Site "Queenstown"]
[Date "2009.01.17"]
[Round "3.48"]
[White "Gavine, Ben"]
[Black "Caron, Damien"]
[Result "0-1"]
[WhiteElo "1310"]
[BlackElo "1914"]
[PlyCount "88"]
[EventDate "2009.??.??"]

1. e4 e6 2. d4 d5 3. exd5 exd5 4. Bd3 Bd6 5. Nf3 Ne7 6. O-O Bf5 7. Re1 O-O 8.
Bg5 f6 9. Bh4 Bxd3 10. Qxd3 Qd7 11. Bg3 Nf5 12. Bxd6 Nxd6 13. Nbd2 Na6 14. c3
c6 15. Re2 Rfe8 16. Rae1 Rxe2 17. Rxe2 Nc7 18. h3 Ne6 19. g3 Re8 20. Kh2 b6 21.
b4 Qc8 22. Nh4 Ng5 23. Rxe8+ Qxe8 24. Ng2 Nde4 25. Qe3 Kf7 26. Nh4 Qe6 27. g4
h5 28. f4 Nxd2 29. Qxd2 Ne4 30. Qg2 hxg4 31. f5 Qd6+ 32. Kg1 Qg3 33. Qxg3 Nxg3
34. Kg2 Ne2 35. hxg4 Nxc3 36. a3 Nb5 37. Nf3 Nxa3 38. g5 Nc2 39. Ne5+ fxe5 40.
dxe5 Nd4 41. g6+ Kf8 42. f6 gxf6 43. exf6 Nf5 44. Kf3 Nh4+ 0-1

[Event "Queenstown Classic"]
[Site "Queenstown"]
[Date "2009.01.17"]
[Round "3.49"]
[White "Smith, Vivian"]
[Black "Stevens, Tristan"]
[Result "0-1"]
[WhiteElo "1832"]
[BlackElo "2020"]
[PlyCount "108"]
[EventDate "2009.??.??"]

1. d4 d5 2. Nf3 c5 3. dxc5 Nc6 4. c3 Nf6 5. Nbd2 e5 6. Nb3 Ne4 7. Be3 f5 8. g3
g5 9. Bg2 f4 10. Bc1 Be6 11. Nfd2 Nxc5 12. Nxc5 Bxc5 13. Nb3 Bb6 14. e3 fxe3
15. Bxe3 Bxe3 16. fxe3 Qb6 17. Qh5+ Bf7 18. Qe2 e4 19. O-O Ne5 20. Nd4 g4 21.
Qb5+ Qxb5 22. Nxb5 Ke7 23. Nd4 Be6 24. Rf2 Rhf8 25. Raf1 Nf3+ 26. Kh1 Bd7 27.
Bxf3 gxf3 28. Rd1 Rad8 29. Kg1 h5 30. h4 Rg8 31. Kh2 Rg6 32. Rg1 Kd6 33. Rd2
Rf8 34. Rf2 b6 35. Nb3 Kc6 36. Rd1 Rfg8 37. Rg1 Kb5 38. Rd2 Kc6 39. Rf2 a5 40.
Nc1 a4 41. a3 Kc5 42. Rd2 Bb5 43. Rf2 Bc4 44. Kh3 b5 45. Kh2 Bb3 46. Rd2 Rf6
47. Rf2 Kc4 48. Kh3 b4 49. axb4 a3 50. bxa3 Kxc3 51. Kh2 d4 52. exd4 e3 53.
Rff1 f2 54. Rg2 Bc4 0-1

[Event "Queenstown Classic"]
[Site "Queenstown"]
[Date "2009.01.17"]
[Round "3.50"]
[White "Ivanov, Nikola"]
[Black "Markovitz, Neil"]
[Result "0-1"]
[WhiteElo "1795"]
[BlackElo "2015"]
[PlyCount "97"]
[EventDate "2009.??.??"]

1. f4 c5 2. Nf3 Nc6 3. e3 g6 4. Be2 Bg7 5. O-O Nf6 6. c3 O-O 7. Na3 d6 8. Nc2
Qb6 9. d4 cxd4 10. exd4 e5 11. fxe5 dxe5 12. Bc4 Bg4 13. h3 Bxf3 14. Rxf3 exd4
15. cxd4 Ne5 16. Rb3 Qd8 17. Be2 Ned7 18. Rxb7 Nb6 19. Bf3 Nfd5 20. Bxd5 Qxd5
21. Qf3 Qc4 22. Qb3 Qxb3 23. axb3 Rac8 24. Ne1 Bxd4+ 25. Kf1 Nd5 26. Nf3 Bb6
27. Bh6 Rfe8 28. Re1 Ne3+ 29. Bxe3 Bxe3 30. Rb5 Rc2 31. Re5 Rf2+ 32. Kg1 Rxf3+
33. Kh1 Rxe5 34. gxf3 Bd4 35. Rd1 Bb6 36. Kg2 Re2+ 37. Kg3 Rxb2 38. Rd3 Kg7 39.
Kf4 Rh2 40. Kg3 Bc7+ 41. f4 Rh1 42. Kg2 Rc1 43. Kf3 Ba5 44. Ke4 Rc3 45. Kd4
Rxd3+ 46. Kxd3 Kf6 47. Ke4 Bb4 48. f5 g5 49. h4 0-1

[Event "Queenstown Classic"]
[Site "Queenstown"]
[Date "2009.01.17"]
[Round "3.51"]
[White "Charamova, Evgenia"]
[Black "Mitchell, Robert S"]
[Result "0-1"]
[WhiteElo "1981"]
[BlackElo "1719"]
[PlyCount "38"]
[EventDate "2009.??.??"]

1. e4 d6 2. d4 Nf6 3. Nc3 g6 4. f4 Bg7 5. Nf3 c5 6. dxc5 Qa5 7. Bd3 Qxc5 8. Qe2
O-O 9. Be3 Qa5 10. O-O a6 11. Nd2 b5 12. h3 Nbd7 13. Qf2 Qc7 14. a4 b4 15. Ne2
Nc5 16. a5 Bb7 17. Bxc5 Qxc5 18. Ng3 Nd7 19. Nc4 Bd4 0-1

[Event "Queenstown Classic"]
[Site "Queenstown"]
[Date "2009.01.17"]
[Round "3.53"]
[White "Pritchard, Owen"]
[Black "Nyberg, Michael"]
[Result "0-1"]
[WhiteElo "1735"]
[BlackElo "1969"]
[PlyCount "70"]
[EventDate "2009.??.??"]

1. e4 e6 2. d4 c5 3. Nf3 b6 4. Nc3 Bb7 5. Bf4 a6 6. d5 exd5 7. Nxd5 d6 8. c4
Nf6 9. Qe2 Be7 10. O-O-O Nxd5 11. exd5 O-O 12. Re1 Bf6 13. h4 Qd7 14. Ng5 Qa4
15. Kb1 Qd7 16. Qh5 Qf5+ 17. Re4 Bxg5 18. Bd3 Qg6 19. hxg5 Qxh5 20. Rxh5 g6 21.
Rh1 b5 22. Bxd6 Rd8 23. Bxc5 bxc4 24. Reh4 h5 25. Bxc4 Nd7 26. Bd4 Rac8 27. b3
Nf8 28. Bf6 Rd7 29. g4 Bxd5 30. Bxd5 Rxd5 31. gxh5 Rc6 32. hxg6 fxg6 33. Re4
Rd7 34. Rh8+ Kf7 35. Re8 Kxe8 0-1

[Event "Queenstown Classic"]
[Site "Queenstown"]
[Date "2009.01.17"]
[Round "3.54"]
[White "Davis, Justin"]
[Black "Seabrook, Roy"]
[Result "1-0"]
[WhiteElo "1955"]
[BlackElo "1680"]
[PlyCount "51"]
[EventDate "2009.??.??"]

1. d4 Nf6 2. c4 g6 3. Nc3 Bg7 4. e4 O-O 5. Nf3 d6 6. Be2 c5 7. d5 Bg4 8. O-O
Nbd7 9. h3 Bxf3 10. Bxf3 Ne5 11. Be2 a6 12. a4 Ne8 13. f4 Nd7 14. Be3 Qa5 15.
Qd2 Qb4 16. a5 Nc7 17. Qc2 b5 18. cxb5 axb5 19. e5 Rxa5 20. Na2 Qa4 21. b3 Qa3
22. Bc1 Nxd5 23. Bxa3 Ne3 24. Qd2 Nxf1 25. Qxa5 Ng3 26. Bxb5 1-0

[Event "Queenstown Classic"]
[Site "Queenstown"]
[Date "2009.01.17"]
[Round "3.55"]
[White "King, Matthew"]
[Black "Watson, Stephen"]
[Result "1-0"]
[WhiteElo "1934"]
[BlackElo "1586"]
[PlyCount "87"]
[EventDate "2009.??.??"]

1. e4 c5 2. Nf3 d6 3. d4 cxd4 4. Nxd4 Nf6 5. Nc3 g6 6. Be3 Bg7 7. Bc4 Bd7 8. f3
Nc6 9. Qd2 O-O 10. Bb3 a6 11. O-O-O b5 12. h4 Nxd4 13. Bxd4 a5 14. h5 a4 15.
Bd5 b4 16. Bxf6 exf6 17. Bxa8 bxc3 18. Qxd6 Qxa8 19. Qxd7 f5 20. exf5 Bh6+ 21.
Kb1 Qb8 22. b3 axb3 23. axb3 Qb6 24. hxg6 Bg7 25. Rxh7 Qc5 26. Rxg7+ Kxg7 27.
Qd4+ Qxd4 28. Rxd4 fxg6 29. Rc4 gxf5 30. Rxc3 Kg6 31. f4 Kh5 32. Rg3 Kh4 33.
Rg5 Rf6 34. Kb2 Rf7 35. c4 Rf8 36. Kc3 Rf7 37. b4 Rf8 38. c5 Rf7 39. Kc4 Rf8
40. b5 Rf6 41. b6 Rf7 42. c6 Rf6 43. Kd5 Rxc6 44. g3+ 1-0

[Event "Queenstown Classic"]
[Site "Queenstown"]
[Date "2009.01.17"]
[Round "3.56"]
[White "Booth, Tony"]
[Black "Murray, Russell"]
[Result "1-0"]
[WhiteElo "1559"]
[BlackElo "1933"]
[PlyCount "79"]
[EventDate "2009.??.??"]

1. e4 c6 2. d4 d5 3. Nc3 dxe4 4. Nxe4 Bf5 5. Ng3 Bg6 6. Nf3 Nd7 7. Nh4 e6 8.
Nxg6 hxg6 9. c4 Ngf6 10. Bd3 Bd6 11. Qc2 O-O 12. h3 c5 13. Be3 cxd4 14. Bxd4
Qa5+ 15. Bc3 Qb6 16. Ne4 Nxe4 17. Bxe4 Nc5 18. Bf3 a5 19. O-O Rfd8 20. Rad1 a4
21. Kh1 Qc7 22. Rfe1 Be7 23. b4 axb3 24. axb3 Bf6 25. b4 Nd7 26. Bxf6 Nxf6 27.
Rxd8+ Rxd8 28. Qc3 b6 29. g3 Rc8 30. Rc1 Nd7 31. Be2 e5 32. Bf3 Nf8 33. Bd5 Qd6
34. Qf3 Ne6 35. Qg4 Re8 36. b5 Re7 37. Ra1 Nc7 38. Bc6 Ne6 39. Ra8+ Nd8 40. Qc8
1-0

[Event "Queenstown Classic"]
[Site "Queenstown"]
[Date "2009.01.18"]
[Round "4.1"]
[White "Smerdon, David"]
[Black "Mikhalevski, Victor"]
[Result "1/2-1/2"]
[WhiteElo "2463"]
[BlackElo "2608"]
[PlyCount "81"]
[EventDate "2009.??.??"]

1. e4 c5 2. Nf3 Nc6 3. d4 cxd4 4. Nxd4 Nf6 5. Nc3 e5 6. Ndb5 d6 7. Bg5 a6 8.
Na3 b5 9. Nd5 Be7 10. Bxf6 Bxf6 11. c3 O-O 12. Nc2 Bg5 13. h4 Bh6 14. g4 Bf4
15. Qf3 Be6 16. Nxf4 exf4 17. Qxf4 Rb8 18. a3 a5 19. Be2 b4 20. axb4 axb4 21.
Nd4 Ne5 22. Qg3 Bc4 23. Bxc4 Nxc4 24. b3 Ra8 25. Ke2 Ne5 26. c4 Re8 27. Nf5 Ra3
28. Rxa3 bxa3 29. Qc3 g6 30. Ne3 d5 31. Nxd5 Nxg4 32. f3 Ne5 33. Qc1 f5 34. Qg5
fxe4 35. fxe4 Qxg5 36. hxg5 Rb8 37. Nf6+ Kf8 38. Rxh7 Rxb3 39. Nd7+ Kg8 40.
Nf6+ Kf8 41. Nd7+ 1/2-1/2

[Event "Queenstown Classic"]
[Site "Queenstown"]
[Date "2009.01.18"]
[Round "4.4"]
[White "Mastrovasilis, Dimitrios"]
[Black "Goldenberg, Igor"]
[Result "1-0"]
[WhiteElo "2580"]
[BlackElo "2398"]
[PlyCount "75"]
[EventDate "2009.??.??"]

1. e4 c5 2. Nf3 Nc6 3. d4 cxd4 4. Nxd4 Nf6 5. Nc3 d6 6. Bg5 Bd7 7. Be2 Qa5 8.
Bxf6 gxf6 9. O-O Nxd4 10. Qxd4 Rc8 11. a4 Qc5 12. Qd1 a6 13. Ra3 e6 14. Rb3 Bc6
15. Re1 Be7 16. Bf3 Rc7 17. Qe2 O-O 18. Nd5 exd5 19. Rc3 Qb6 20. exd5 Bxa4 21.
Be4 f5 22. Bxf5 Bg5 23. Qh5 f6 24. h4 Bd2 25. Rxc7 Qxc7 26. Re2 Bxc2 27. Be6+
Kh8 28. Rxd2 Bg6 29. Qh6 Qg7 30. Qf4 Qc7 31. Qh6 Qg7 32. Qf4 Qc7 33. h5 Be8 34.
Rd3 Qe7 35. h6 Bg6 36. Rc3 Be8 37. Qd4 Bb5 38. Rg3 1-0

[Event "Queenstown Classic"]
[Site "Queenstown"]
[Date "2009.01.18"]
[Round "4.5"]
[White "Bischoff, Klaus"]
[Black "Wohl, Aleksander"]
[Result "1-0"]
[WhiteElo "2545"]
[BlackElo "2342"]
[PlyCount "63"]
[EventDate "2009.??.??"]

1. c4 g6 2. d4 Bg7 3. e4 d6 4. Nc3 c6 5. Nf3 Na6 6. Be2 Nh6 7. h3 f5 8. exf5
Bxf5 9. Be3 Nf7 10. Qd2 O-O 11. O-O Nc7 12. Rad1 a6 13. Rfe1 b5 14. b3 Ne8 15.
Nh2 e5 16. dxe5 Nxe5 17. f4 Nf7 18. Nf3 Nf6 19. Nd4 b4 20. Na4 Ne4 21. Qc1 Qh4
22. Bf3 Rae8 23. Nxc6 g5 24. Nd4 Bxd4 25. Rxd4 gxf4 26. Rxe4 Ng5 27. Rxf4 Qg3
28. Bd5+ Kg7 29. Kh1 Nxh3 30. Rf3 Qh4 31. gxh3 Bxh3 32. Qb2+ 1-0

[Event "Queenstown Classic"]
[Site "Queenstown"]
[Date "2009.01.18"]
[Round "4.6"]
[White "Johannessen, Leif Erland"]
[Black "Ker, Anthony"]
[Result "1-0"]
[WhiteElo "2539"]
[BlackElo "2321"]
[PlyCount "31"]
[EventDate "2009.??.??"]

1. Nf3 d6 2. d4 Bg4 3. c4 Bxf3 4. exf3 g6 5. Nc3 Bg7 6. Be3 Nh6 7. g4 Nd7 8. h4
f6 9. Qc2 e5 10. h5 Nf8 11. O-O-O Qd7 12. dxe5 fxe5 13. c5 Nf7 14. cxd6 Nxd6
15. Ne4 gxh5 16. Rxd6 1-0

[Event "Queenstown Classic"]
[Site "Queenstown"]
[Date "2009.01.18"]
[Round "4.7"]
[White "Croad, Nicholas"]
[Black "Wells, Peter"]
[Result "1/2-1/2"]
[WhiteElo "2305"]
[BlackElo "2513"]
[PlyCount "127"]
[EventDate "2009.??.??"]

1. d4 Nf6 2. c4 e6 3. Nc3 Bb4 4. Qc2 O-O 5. a3 Bxc3+ 6. Qxc3 Ne4 7. Qc2 f5 8.
Nh3 d6 9. f3 Nf6 10. e3 e5 11. d5 c6 12. dxc6 Nxc6 13. Nf2 Be6 14. Bd3 e4 15.
fxe4 fxe4 16. Be2 Ne5 17. O-O Rc8 18. Nxe4 Bxc4 19. Nxf6+ Rxf6 20. Rxf6 Bxe2
21. Qxe2 Qxf6 22. e4 Nc4 23. Qf2 Qxf2+ 24. Kxf2 Ne5 25. Be3 Rc2+ 26. Kg1 a6 27.
Bd4 b5 28. Bxe5 dxe5 29. b4 Kf7 30. a4 Rc4 31. axb5 axb5 32. Ra7+ Kf6 33. Rb7
Rxb4 34. Kf2 h5 35. g3 Rb2+ 36. Kf3 Rb3+ 37. Kf2 b4 38. h4 Rb1 39. Rb6+ Kf7 40.
Ke3 b3 41. Kd2 b2 42. Kc3 Re1 43. Rxb2 Rxe4 44. Kd3 Rg4 45. Rg2 Ke6 46. Ke3 g6
47. Rg1 Ra4 48. Rd1 Kf5 49. Rd6 Ra3+ 50. Kf2 Ra2+ 51. Ke3 Ra3+ 52. Kf2 e4 53.
Rd5+ Kf6 54. Rb5 Rf3+ 55. Kg2 Rf5 56. Rb6+ Kf7 57. Rb7+ Kf6 58. Rb6+ Ke5 59.
Rxg6 e3 60. Rg5 e2 61. Rxf5+ Kxf5 62. Kf2 Kg4 63. Kxe2 Kxg3 64. Kf1 1/2-1/2

[Event "Queenstown Classic"]
[Site "Queenstown"]
[Date "2009.01.18"]
[Round "4.8"]
[White "Cooper, Lawrence"]
[Black "Hecht, Hans"]
[Result "0-1"]
[WhiteElo "2313"]
[BlackElo "2394"]
[PlyCount "88"]
[EventDate "2009.??.??"]

1. e4 e5 2. Nf3 Nc6 3. Bb5 Nf6 4. O-O Bc5 5. c3 O-O 6. d4 Bb6 7. Bg5 h6 8. Bh4
d6 9. Qd3 Qe7 10. Nbd2 Nb8 11. Rfe1 c6 12. Ba4 Nbd7 13. Bb3 Re8 14. Rad1 Bc7
15. Nc4 Qf8 16. Nfd2 b5 17. Ne3 a6 18. Nf5 g6 19. Qg3 Kh7 20. Qf3 Bd8 21. Ne3
Kg7 22. a4 Nh7 23. Bxd8 Rxd8 24. Qe2 Nhf6 25. Ra1 Bb7 26. Rf1 Qe7 27. Bc2 exd4
28. cxd4 c5 29. d5 c4 30. f4 Nc5 31. axb5 axb5 32. Rxa8 Rxa8 33. Qf3 Re8 34.
Re1 b4 35. Nexc4 Bxd5 36. Qf2 Bxc4 37. Nxc4 Ncxe4 38. Bxe4 d5 39. Qd4 dxc4 40.
Re2 Rd8 41. Qxc4 Qa7+ 42. Kf1 Rd1+ 43. Re1 Rxe1+ 44. Kxe1 Qe3+ 0-1

[Event "Queenstown Classic"]
[Site "Queenstown"]
[Date "2009.01.18"]
[Round "4.9"]
[White "van Riemsdijk, Herman C"]
[Black "Smith, Robert W"]
[Result "1/2-1/2"]
[WhiteElo "2392"]
[BlackElo "2281"]
[PlyCount "153"]
[EventDate "2009.??.??"]

1. e4 c5 2. Nf3 e6 3. d4 cxd4 4. Nxd4 a6 5. c4 Nf6 6. Nc3 Qc7 7. a3 b6 8. Be2
Bb7 9. f3 d6 10. Be3 Nbd7 11. O-O Be7 12. Re1 O-O 13. Bf1 Rac8 14. Qd2 Rfe8 15.
Rac1 Qb8 16. b4 Ne5 17. Na4 Nfd7 18. Qf2 Bf8 19. h3 Qa8 20. Nb2 d5 21. cxd5
exd5 22. f4 Nc4 23. Nxc4 dxc4 24. e5 b5 25. Be2 Nb6 26. Bg4 Rcd8 27. e6 f6 28.
e7 Bxe7 29. Ne6 Nd5 30. Nxd8 Bxd8 31. Bc5 Bc7 32. Rxe8+ Qxe8 33. Re1 Qd8 34.
Be6+ Kh8 35. Bxd5 Bxd5 36. Qe3 Bg8 37. g3 h6 38. Qd4 Qc8 39. Kh2 Qf5 40. Qe4
Qd7 41. Qd4 Qf5 42. Qe4 Qd7 43. Bd4 Qd8 44. Re2 Bb6 45. Rd2 Bxd4 46. Rxd4 Qb6
47. Qe3 Qc7 48. Kg1 Qc8 49. g4 Qc7 50. Kf2 a5 51. bxa5 Qxa5 52. Rd7 Qa4 53. Qe7
Qc2+ 54. Kg3 Qc3+ 55. Kh4 f5 56. Qe5 Qxe5 57. fxe5 fxg4 58. hxg4 c3 59. Rd3 c2
60. Rc3 Bb3 61. Kg3 Kg8 62. Kf4 Kf7 63. Ke3 Ke6 64. Kd2 Ba4 65. Rc5 g6 66. Rc6+
Kxe5 67. Rxg6 Kf4 68. Kc1 Kf3 69. Kb2 Kf4 70. Rxh6 Kxg4 71. Rf6 Kg5 72. Rf2 Kg4
73. Rxc2 Bxc2 74. Kxc2 Kf5 75. Kc3 Ke6 76. Kb4 Kd6 77. Kxb5 1/2-1/2